00726nam a2200217Ii 45000010005000000030009000050080041000140400033000550410008000880820013000961000024001092450013001332640062001463000012002083360026002203370028002463380027002749400050003019990017003519520140003684378CO-ViMGA241108s9999||||xx |||||||||||||| ||und|| aCO-ViMGAbspaerdacCO-ViMGA0 aunk04a823-P6651 aEvelyn Piper95443910aInocente 1a[Lugar de publicación no identificado] : Hachette, 1950 avolumen atextbtxt2rdacontent aunmediatedbn2rdamedia avolumebnc2rdacarrier aidficha_siabuc: 4277. -- ficha_no_siabuc:4378 c51433d51433 001040708001aMEVIGERRbMEVIGERRcGENd2006-11-27hVol.1o823-P665pECA16622r2024-11-26 10:02:49tEj.1w2024-11-26yBKz4277 | 6278